01628nam a2200361 i 4500001001000000003000900010005001700019007000300036008004100039020001500080040003000095041000800125082002400133100004300157240008500200245010100285264012200386300002800508336002700536337003300563338002800596490003100624500007400655534010500729650003600834650002400870650003000894651002800924942001400952952014200966952014101108999001701249000022899DO-SdBNP20260310104225.0ta101122s1992 mx r 000 e spa d a9700504395 aDO-SdBNPbspacBNPHUerda aspa 4a972.8209bB691c2221 aBolland, O. Nigel,eautor4aut.94706610aColonialism and resitence in Belize. Essays in historical sociology.lEspañol.10aColonialismo y resistencia en Belice :bensayos de sociología histórica /cO. Nigel Bolland  1aMéxico :bGrijalbo ;bDirección General de Publicaciones del Consejo Nacional para la Cultura y las Artes,c1992. a302 páginas ;c21 cm. atextobtxt2rdacontent asin mediaciónbn2rdamedia avolumenbnc2rdacarrier1 aClaves de América Latina aIncluye referencias bibliográficas y notas al pie de las páginas. pTítulo original en inglés:tColonialism and resitence in Belize. Essays in historical sociology. 4aSociología histórica910967 4aNacionalismo910966 4aMercado de trabajo919058 4aBelicexHistoria947068 2ddccLBS1 00102ddc51708PDaBNPHUbBNPHUcCTd2010-11-22l0oBNPHU PD 972.8209 B691cp22899-10r2020-06-25w2020-06-25yLBS1ZPréstamo interno 00102ddc51708PDaBNPHUbBNPHUcCTd2017-06-05l0oBNPHU PD 972.8209 B691cp22899-20r2020-06-25te.2w2020-06-25yLBS1ZNo se presta c22396d22396